| 000 | 00609cam a2200217ua 4500 | ||
|---|---|---|---|
| 001 | 9617 | ||
| 005 | 20260515114511.0 | ||
| 008 | 160909n ii |||gr||||Z||||||asm | ||
| 040 | _cMAIN | ||
| 041 | _aasm | ||
| 082 | _a354.2794 | ||
| 100 |
_aGogoi, Purandar, _eAuthor. |
||
| 245 |
_aBharatar gramonnayanar prashasaniya byobostha _cby Purandar Gogoi |
||
| 250 | _a4th ed. | ||
| 260 |
_aDibrugarh: _bBanalata, _c2016. |
||
| 300 | _a342p. | ||
| 653 | _aAdministration of economy & environment | ||
| 653 | _aAdministration of rural development in India | ||
| 653 | _aRural development in India | ||
| 942 | _cBK | ||
| 999 |
_c8637 _d8637 |
||